000 00723nam a2200265Ia 4500
003 OSt
005 20220912152010.0
006 a|||||r|||| 00| 0
007 ta
008 220909b |||||||| |||| 00| 0 eng d
024 _a62326
037 _cTextual
040 _aCSL
_beng
_cCSL
041 _aeng
082 _aLZ3(K9793), L9.1
100 _aBaker H J Ed.
245 0 _aLaboratory rat
260 _aNew York
_b Academic press
_c1979
300 _ap.
_ccm.
490 _aAmerican college of laboratory animal medicine series; 4
650 _aDrug
700 _a Lindsey R J Ed.
942 _hLZ3(K9793), L9.1
_cTEXL
_2CC
999 _c78915
_d78915